[Event "2.BLO 1617 Erfurter SK - SC Forchheim"]
[Site "?"]
[Date "2016.10.15"]
[Round "1.2"]
[White "Braeuer, Franz"]
[Black "Jansa, Vlastimil"]
[Result "1/2-1/2"]
[WhiteElo "2414"]
[BlackElo "2409"]
[PlyCount "99"]
[EventDate "2016.??.??"]

1. e4 c5 2. Nf3 e6 3. d4 cxd4 4. Nxd4 Nc6 5. Nc3 a6 6. Nxc6 bxc6 7. Bd3 d5 8.
O-O Nf6 9. Re1 Be7 10. e5 Nd7 11. Qg4 Kf8 12. b3 Bb7 13. Na4 c5 14. c4 d4 15.
Qh5 g6 16. Qh6+ Kg8 17. Nb2 Bf8 18. Qh3 Qc7 19. Qg3 h5 20. f4 h4 21. Qh3 Kg7
22. Bd2 a5 23. Bc2 Nb6 24. Re2 Nc8 25. Rf1 Ne7 26. Nd3 Nf5 27. Nf2 Be7 28. Ng4
Bc6 29. Be1 a4 30. bxa4 Bxa4 31. Bxf5 exf5 32. Nf6 Bxf6 33. exf6+ Kxf6 34. Re5
Bc2 35. Rf2 Be4 36. Rb2 Kg7 37. Bxh4 Rh5 38. g3 Ra4 39. Qf1 d3 40. Qc1 Qd7 41.
Rd5 Rxc4 42. Bf6+ Kh7 43. Qxc4 Qxd5 44. Rb8 g5 45. Qxd5 Bxd5 46. fxg5 d2 47.
Rh8+ Kg6 48. Rg8+ Kh7 49. Rh8+ Kg6 50. Rg8+ 1/2-1/2

[Event "2.BLO 1617 Erfurter SK - SC Forchheim"]
[Site "?"]
[Date "2016.10.15"]
[Round "1.3"]
[White "Rupprecht, Andreas"]
[Black "Votava, Jan"]
[Result "1/2-1/2"]
[WhiteElo "2422"]
[BlackElo "2522"]
[PlyCount "21"]
[EventDate "2016.??.??"]

1. e4 e5 2. Nf3 Nc6 3. Nc3 Nf6 4. Bb5 Bd6 5. a3 O-O 6. d3 a6 7. Bc4 Be7 8. O-O
d6 9. h3 Be6 10. Bxe6 fxe6 11. d4 {(=)} 1/2-1/2

[Event "2.BLO 1617 Erfurter SK - SC Forchheim"]
[Site "?"]
[Date "2016.10.15"]
[Round "1.4"]
[White "Haba, Petr"]
[Black "Ott, Florian"]
[Result "1-0"]
[WhiteElo "2476"]
[BlackElo "2299"]
[PlyCount "81"]
[EventDate "2016.??.??"]

1. e4 c5 2. Nf3 d6 3. d4 cxd4 4. Nxd4 Nf6 5. Nc3 a6 6. Be2 e5 7. Nb3 Be7 8. Bg5
Be6 9. Bxf6 Bxf6 10. Qd3 Be7 11. O-O-O Nd7 12. g3 O-O 13. f4 Rc8 14. f5 Bc4 15.
Qf3 b5 16. Bxc4 Rxc4 17. Kb1 Nb6 18. Nd2 Rc8 19. Nd5 Bg5 20. h4 Bh6 21. Nf1 Rc5
22. Nde3 Bxe3 23. Nxe3 Nc4 24. Nd5 Nb6 25. Nc3 Nc4 26. Nd5 Nb6 27. Nxb6 Qxb6
28. Rd2 Rc4 29. Rhd1 Qc6 30. Rxd6 Qxe4 31. Qxe4 Rxe4 32. Rxa6 Re8 33. a3 Re3
34. Rd5 h5 35. Rxb5 Re1+ 36. Ka2 e4 37. Rab6 Kf8 38. Rb8 Rxb8 39. Rxb8+ Ke7 40.
a4 e3 41. Rb3 1-0

[Event "2.BLO 1617 Erfurter SK - SC Forchheim"]
[Site "?"]
[Date "2016.10.15"]
[Round "1.5"]
[White "Heidrich, Manfred"]
[Black "Enders, Peter"]
[Result "1/2-1/2"]
[WhiteElo "2362"]
[BlackElo "2445"]
[PlyCount "53"]
[EventDate "2016.??.??"]

1. e4 e6 2. d4 d5 3. Nd2 Nf6 4. e5 Nfd7 5. c3 c5 6. Bd3 Nc6 7. Ne2 cxd4 8. cxd4
f6 9. exf6 Nxf6 10. O-O Bd6 11. Nf3 Qc7 12. g3 O-O 13. Bf4 Kh8 14. Qd2 Bxf4 15.
Nxf4 Qb6 16. Bc2 Qxb2 17. Rab1 Qa3 18. Ng5 Qd6 19. Rfe1 Ne4 20. Bxe4 dxe4 21.
Rbd1 e5 22. dxe5 Qxd2 23. Rxd2 Nxe5 24. Rxe4 Nc6 25. Nfe6 Bxe6 26. Nxe6 Rf7 27.
f4 {(=)} 1/2-1/2

[Event "2.BLO 1617 Erfurter SK - SC Forchheim"]
[Site "?"]
[Date "2016.10.15"]
[Round "1.6"]
[White "Machelett, Heiko"]
[Black "Doeres, Hans-Juergen"]
[Result "1-0"]
[WhiteElo "2409"]
[BlackElo "2207"]
[PlyCount "59"]
[EventDate "2016.??.??"]

1. d4 d5 2. c4 c6 3. cxd5 cxd5 4. Nc3 Nc6 5. Bf4 a6 6. e3 Nf6 7. Bd3 e6 8. Rc1
Be7 9. Nf3 O-O 10. h3 b5 11. O-O Bb7 12. Ne5 Rc8 13. Qe2 Qb6 14. Bg5 Rfd8 15.
f4 Rc7 16. Bb1 Rdc8 17. Bxf6 Bxf6 18. Ng4 Be7 19. f5 b4 20. fxe6 bxc3 21. exf7+
Kf8 22. Rxc3 Nd8 23. Bxh7 Bf6 24. Rb3 Qd6 25. Nxf6 gxf6 26. Qg4 Kxf7 27. Qg8+
Ke7 28. Bg6 Ne6 29. Qf7+ Kd8 30. Qe8# 1-0

[Event "2.BLO 1617 Erfurter SK - SC Forchheim"]
[Site "?"]
[Date "2016.10.15"]
[Round "1.7"]
[White "Schulz, Lukas"]
[Black "Casper, Thomas"]
[Result "1-0"]
[WhiteElo "2138"]
[BlackElo "2381"]
[PlyCount "73"]
[EventDate "2016.??.??"]

1. e4 e6 2. Nc3 d5 3. g3 dxe4 4. Nxe4 Bd7 5. Nf3 Bc6 6. Qe2 Nf6 7. d3 Be7 8.
Bg2 O-O 9. O-O Nxe4 10. dxe4 b6 11. Bf4 Qc8 12. Rfd1 Bf6 13. Be5 Bxe5 14. Nxe5
Bb7 15. Rd2 Nc6 16. Nd7 Re8 17. Rad1 Kh8 18. Qh5 Re7 19. e5 Qg8 20. Qh4 Ree8
21. Qa4 Nd8 22. Bxb7 Nxb7 23. Qc6 Na5 24. Qe4 c5 25. a3 c4 26. Rd4 h6 27. Qf3
Rac8 28. Nf6 gxf6 29. Rg4 Qxg4 30. Qxg4 fxe5 31. Qh5 c3 32. bxc3 Kg8 33. Qxh6
Nc4 34. h4 e4 35. Qg5+ Kh7 36. Qh5+ Kg7 37. Qg4+ 1-0

[Event "2.BLO 1617 Erfurter SK - SC Forchheim"]
[Site "?"]
[Date "2016.10.15"]
[Round "1.8"]
[White "Heinzel, Olaf"]
[Black "Bade, Joern"]
[Result "1-0"]
[WhiteElo "2358"]
[BlackElo "2276"]
[PlyCount "57"]
[EventDate "2016.??.??"]

1. d4 d5 2. Bf4 Nf6 3. e3 c5 4. Nc3 c4 5. e4 Nxe4 6. Nxe4 dxe4 7. Bxc4 Qb6 8.
Bb3 Qg6 9. Ne2 Bg4 10. h3 Qh5 11. Bc4 Nc6 12. O-O Bxe2 13. Bxe2 Qd5 14. Be3 f5
15. c4 Qd7 16. d5 Ne5 17. Bd4 Nf7 18. f3 e5 19. dxe6 Qxe6 20. fxe4 O-O-O 21.
Rxf5 Qxe4 22. Rd5 Rxd5 23. cxd5 Bd6 24. Bf3 Qf4 25. Qc1+ Kb8 26. Qxf4 Bxf4 27.
Bxg7 Rg8 28. Bc3 Ng5 29. Kf2 1-0

[Event "2.BLO 1617 SK Passau - Bindl Aktionär"]
[Site "?"]
[Date "2016.10.16"]
[Round "2.1"]
[White "Petr, Martin"]
[Black "Velicka, Petr"]
[Result "1/2-1/2"]
[WhiteElo "2493"]
[BlackElo "2435"]
[PlyCount "148"]
[EventDate "2016.??.??"]

1. e4 e5 2. f4 exf4 3. Nf3 g5 4. Nc3 g4 5. Ne5 Qh4+ 6. g3 fxg3 7. Qxg4 g2+ 8.
Qxh4 gxh1=Q 9. Qh5 Nh6 10. d4 d6 11. Bxh6 dxe5 12. Qxe5+ Be6 13. Qxh8 Nd7 14.
Bxf8 O-O-O 15. Qxh7 Nxf8 16. Qh6 Bg4 17. Qf4 Qg1 18. d5 f5 19. Qf2 Qxf2+ 20.
Kxf2 fxe4 21. Bg2 Bf5 22. Ke3 Nd7 23. Rf1 Bg6 24. Bxe4 Bxe4 25. Nxe4 Nb6 26.
Nf6 Rh8 27. Rf2 Nc4+ 28. Kf4 Nxb2 29. Kg5 Nd1 30. Re2 Nc3 31. Re3 Nxd5 32. Nxd5
Rxh2 33. Rc3 c6 34. Kf4 Rh4+ 35. Ke3 Ra4 36. a3 Kb8 37. Nb4 a5 38. Nd3 Kc7 39.
Kd2 Re4 40. Kc1 b5 41. Kb2 Kb6 42. Rc5 Rd4 43. Rf5 Rd6 44. Kb3 Rd4 45. Rf6 Re4
46. Rf4 Re3 47. Kc3 Rh3 48. a4 Rh6 49. Kb3 Rd6 50. Rh4 Rd5 51. Rh6 Kb7 52. Nb2
Rg5 53. Re6 Rg4 54. Nd3 Rc4 55. c3 Rh4 56. Nc5+ Kc7 57. Rg6 Rc4 58. Ne6+ Kb7
59. Nd4 Rc5 60. Rf6 bxa4+ 61. Kc2 Kb6 62. Kd3 a3 63. Rf1 Rh5 64. Ra1 c5 65. Nc2
Rh3+ 66. Kc4 a4 67. Rxa3 Rh4+ 68. Kd3 Rh3+ 69. Kd2 Rh2+ 70. Kc1 Kb5 71. Kb2 Kc4
72. Ra1 a3+ 73. Rxa3 Kd3 74. c4+ Kxc4 1/2-1/2

[Event "2.BLO 1617 SK Passau - Bindl Aktionär"]
[Site "?"]
[Date "2016.10.16"]
[Round "2.2"]
[White "Suran, Jan"]
[Black "Kriebel, Tadeas"]
[Result "1/2-1/2"]
[WhiteElo "2421"]
[BlackElo "2445"]
[PlyCount "54"]
[EventDate "2016.??.??"]

1. e4 c5 2. Nf3 d6 3. d4 cxd4 4. Nxd4 Nf6 5. Nc3 a6 6. Be2 e5 7. Nb3 Be7 8. Bg5
Be6 9. Bxf6 Bxf6 10. Qd3 Nc6 11. O-O-O Qb6 12. Rhf1 O-O 13. Nd5 Bxd5 14. Qxd5
Rac8 15. Kb1 Nb4 16. Qa5 Qc6 17. Rd2 Nxc2 18. Rc1 Bg5 19. Rcxc2 Qxe4 20. Qd5
Qg6 21. Bd3 Qh5 22. Rxc8 Rxc8 23. Qxb7 Rd8 24. Re2 d5 25. Qxa6 e4 26. Bc2 Qxh2
27. Re1 Qxg2 1/2-1/2

[Event "2.BLO 1617 SK Passau - Bindl Aktionär"]
[Site "?"]
[Date "2016.10.16"]
[Round "2.3"]
[White "Neuman, Petr"]
[Black "Schwabeneder, Florian"]
[Result "1/2-1/2"]
[WhiteElo "2423"]
[BlackElo "2344"]
[PlyCount "49"]
[EventDate "2016.??.??"]

1. d4 Nf6 2. c4 e6 3. g3 c5 4. d5 exd5 5. cxd5 d6 6. Nc3 g6 7. Bg2 Bg7 8. Nf3
O-O 9. O-O Nbd7 10. Nd2 b6 11. Nc4 Ne8 12. a4 Ba6 13. Na3 Ne5 14. f4 Nc4 15.
Re1 f5 16. Nab5 Nf6 17. e3 Qd7 18. h3 Bb7 19. b3 a6 20. bxc4 axb5 21. Nxb5 Nh5
22. Rb1 Nxg3 23. Kh2 Nh5 24. Bb2 Nf6 25. Nc3 1/2-1/2

[Event "2.BLO 1617 SK Passau - Bindl Aktionär"]
[Site "?"]
[Date "2016.10.16"]
[Round "2.4"]
[White "Weiss, Christian"]
[Black "Cech, Pavel"]
[Result "1/2-1/2"]
[WhiteElo "2361"]
[BlackElo "2355"]
[PlyCount "59"]
[EventDate "2016.??.??"]

1. e4 e6 2. d3 d5 3. Nd2 Nf6 4. Ngf3 Nc6 5. c3 Bd6 6. Be2 O-O 7. O-O e5 8. b4
Ne7 9. Bb2 Ng6 10. Re1 c6 11. Bf1 h6 12. Nb3 Bg4 13. h3 Be6 14. g3 Qd7 15. Kh2
Rad8 16. Qc2 h5 17. Rad1 h4 18. Ng5 Nh7 19. Nxe6 fxe6 20. Bg2 Ng5 21. Qe2 Qf7
22. Rf1 Nf3+ 23. Kh1 Qf6 24. Bc1 Rf7 25. Nd2 Ng5 26. Qg4 Be7 27. Nb3 Nf3 28.
Nd2 Ng5 29. Nb3 Nf3 30. Nd2 1/2-1/2

[Event "2.BLO 1617 SK Passau - Bindl Aktionär"]
[Site "?"]
[Date "2016.10.16"]
[Round "2.5"]
[White "Wall, Gavin"]
[Black "Hiermann, Dietmar"]
[Result "1/2-1/2"]
[WhiteElo "2349"]
[BlackElo "2292"]
[PlyCount "87"]
[EventDate "2016.??.??"]

1. e4 e5 2. Nf3 Nc6 3. Bc4 Bc5 4. c3 Nf6 5. d3 d6 6. O-O a6 7. Re1 O-O 8. h3 h6
9. d4 Ba7 10. Bb3 Re8 11. dxe5 dxe5 12. Qxd8 Rxd8 13. Na3 Re8 14. g4 Na5 15.
Bc2 b5 16. b4 Nb7 17. c4 c6 18. Bb2 Bb8 19. Bb3 Nh7 20. Rac1 Ng5 21. Nxg5 hxg5
22. cxb5 cxb5 23. Rc6 Bd7 24. Rg6 Nd8 25. Rxg5 Be6 26. Bd5 Bxd5 27. exd5 f6 28.
Rf5 Nf7 29. Rf3 Bd6 30. Nc2 Rec8 31. Re2 Bf8 32. a3 Rd8 33. Rd3 Rd7 34. h4 Rad8
35. Ne3 g6 36. Rc2 Bh6 37. Rc6 Rd6 38. Rdc3 Bxe3 39. Rxe3 Rxc6 40. dxc6 Rc8 41.
Rc3 Nd6 42. Rc5 Ne4 43. Rc2 Nd6 44. Rc5 1/2-1/2

[Event "2.BLO 1617 SK Passau - Bindl Aktionär"]
[Site "?"]
[Date "2016.10.16"]
[Round "2.6"]
[White "Testor, Sebastian"]
[Black "Krensing, Jan"]
[Result "0-1"]
[WhiteElo "2316"]
[BlackElo "2325"]
[PlyCount "82"]
[EventDate "2016.??.??"]

1. d4 Nf6 2. Nf3 e6 3. c4 b6 4. g3 Bb7 5. Bg2 g6 6. Nc3 Ne4 7. Nxe4 Bxe4 8. O-O
Bg7 9. Bg5 f6 10. Bd2 Nc6 11. Bc3 Ne7 12. Re1 O-O 13. Bh3 f5 14. Nd2 Bb7 15.
Qc2 g5 16. Rad1 Qe8 17. e4 g4 18. Bg2 f4 19. d5 e5 20. c5 d6 21. cxd6 cxd6 22.
Nc4 Rd8 23. Qb3 Qh5 24. Bb4 Rf6 25. h4 gxh3 26. g4 h2+ 27. Kh1 Qxg4 28. Bh3 Qh5
29. Be6+ Kh8 30. Nxd6 Ba6 31. Nf5 Nxf5 32. Bxf5 Be2 33. Rxe2 Qxe2 34. Be7 Qxf2
35. Qh3 Rh6 36. Qg2 Qxg2+ 37. Kxg2 Rg8 38. Kh1 Bf8 39. d6 Rg1+ 40. Rxg1 hxg1=Q+
41. Kxg1 Kg8 0-1

[Event "2.BLO 1617 SK Passau - Bindl Aktionär"]
[Site "?"]
[Date "2016.10.16"]
[Round "2.7"]
[White "Wetscherek, Andreas"]
[Black "Hellmayr, Alois"]
[Result "1/2-1/2"]
[WhiteElo "2319"]
[BlackElo "2252"]
[PlyCount "82"]
[EventDate "2016.??.??"]

1. Nf3 c5 2. e4 e6 3. d4 cxd4 4. Nxd4 a6 5. Bd3 Bc5 6. c3 d6 7. O-O Nf6 8. Be3
O-O 9. Nd2 e5 10. Nc2 Be6 11. Qe2 Nc6 12. Rfd1 Qe7 13. Bc4 Rfd8 14. Bxc5 dxc5
15. Ne3 Bxc4 16. Ndxc4 b5 17. Nb6 Rxd1+ 18. Rxd1 Rd8 19. Nbd5 Nxd5 20. exd5 Nb8
21. a4 Qb7 22. Qg4 Qd7 23. Nf5 g6 24. Qg5 f6 25. Qxf6 gxf5 26. Rd3 f4 27. Qg5+
Kf8 28. Qxe5 Qd6 29. Qh8+ Kf7 30. Qxh7+ Ke8 31. axb5 axb5 32. Qb7 Qa6 33. Qxa6
Nxa6 34. h4 Nc7 35. c4 bxc4 36. Rc3 Rxd5 37. Rxc4 Ne6 38. b4 cxb4 39. Rxb4 Kf7
40. g4 Rd1+ 41. Kg2 Nd4 1/2-1/2

[Event "2.BLO 1617 SK Passau - Bindl Aktionär"]
[Site "?"]
[Date "2016.10.16"]
[Round "2.8"]
[White "Linhart, Wolfgang"]
[Black "Loew, Gerald"]
[Result "1/2-1/2"]
[WhiteElo "2117"]
[BlackElo "2251"]
[PlyCount "41"]
[EventDate "2016.??.??"]

1. d4 Nf6 2. Nf3 c5 3. e3 g6 4. c3 Qc7 5. Bd3 d5 6. O-O Bg7 7. Nbd2 O-O 8. e4
dxe4 9. Nxe4 Nxe4 10. Bxe4 Nd7 11. Bg5 Nf6 12. Qe2 h6 13. Bxf6 Bxf6 14. dxc5
Qxc5 15. Rfd1 Rb8 16. Rd5 Qb6 17. Rd2 Kg7 18. Rad1 Be6 19. Bd5 Bxd5 20. Rxd5
Rfd8 21. h3 1/2-1/2

[Event "2.BLO 1617 SC Garching - Nickelhütte A"]
[Site "?"]
[Date "2016.10.16"]
[Round "2.1"]
[White "Papp, Gabor"]
[Black "Stocek, Jiri"]
[Result "1/2-1/2"]
[WhiteElo "2583"]
[BlackElo "2556"]
[PlyCount "134"]
[EventDate "2016.??.??"]

1. e4 e6 2. d4 d5 3. Nd2 a6 4. Ngf3 c5 5. dxc5 Bxc5 6. Bd3 Nc6 7. O-O Nge7 8.
exd5 exd5 9. Re1 O-O 10. c3 Qb6 11. Qe2 Bf5 12. Bxf5 Nxf5 13. Nb3 Rad8 14. Bg5
Be7 15. Bxe7 Nfxe7 16. Rad1 h6 17. Nfd4 Ng6 18. Nf5 Nce5 19. Ne7+ Nxe7 20. Qxe5
Rd7 21. Qe3 Qc6 22. Rd2 Rc8 23. Red1 b5 24. Qh3 Rcd8 25. Nd4 Qc4 26. a3 a5 27.
Nc2 Qc5 28. Qh5 Qb6 29. h3 Qb7 30. Rd4 Rd6 31. Ne3 Qd7 32. Qg4 Qe6 33. Qf3 R6d7
34. R1d2 Kf8 35. Qd1 a4 36. R4d3 Kg8 37. Qf3 Rd6 38. Qd1 R6d7 39. Nc2 Nc6 40.
Nd4 Nxd4 41. Rxd4 Rd6 42. Qf1 Qe8 43. Qd3 h5 44. Kh2 g6 45. Re2 Re6 46. Rd2
Red6 47. f4 h4 48. Qf3 Qe7 49. Qg4 Kg7 50. Qg5 Qf6 51. Kg1 R6d7 52. Qxf6+ Kxf6
53. Rb4 d4 54. Rbxd4 Rxd4 55. cxd4 Kf5 56. d5 Kxf4 57. d6 Ke5 58. d7 g5 59. Kf2
Ke6 60. Re2+ Kxd7 61. Kf3 Kc6 62. Rc2+ Kb6 63. Ke4 f6 64. Kf5 Rd6 65. Re2 Kc5
66. Rc2+ Kb6 67. Re2 Kc5 1/2-1/2

[Event "2.BLO 1617 SC Garching - Nickelhütte A"]
[Site "?"]
[Date "2016.10.16"]
[Round "2.2"]
[White "Loetscher, Roland"]
[Black "Prohaszka, Peter"]
[Result "1/2-1/2"]
[WhiteElo "2437"]
[BlackElo "2591"]
[PlyCount "152"]
[EventDate "2016.??.??"]

1. d4 Nf6 2. c4 e6 3. g3 Bb4+ 4. Bd2 a5 5. Bg2 d6 6. e3 O-O 7. Ne2 e5 8. O-O c6
9. Bc1 exd4 10. exd4 d5 11. c5 a4 12. a3 Ba5 13. Qxa4 b5 14. Qc2 Re8 15. Be3
Ne4 16. Nbc3 Bxc3 17. Nxc3 Bf5 18. Qc1 Na6 19. Rd1 h5 20. f3 Nxc3 21. Qxc3 b4
22. Qd2 bxa3 23. bxa3 Qb8 24. Rdc1 Qb3 25. Rc3 Qa4 26. Bf4 Nb4 27. Rac1 Nc2 28.
R1xc2 Bxc2 29. Rxc2 Qxa3 30. Rc3 Qb4 31. Bf1 Ra2 32. Rc2 Qxd2 33. Rxd2 Ra1 34.
Kf2 Ree1 35. Bg2 f6 36. h4 Kf7 37. Bh3 Rh1 38. Bg2 Rhe1 39. Bd6 g6 40. Bh3 f5
41. Be5 Rh1 42. Bg2 Rhd1 43. Rxd1 Rxd1 44. Bf1 Ra1 45. Be2 Ra2 46. Ke3 Ra3+ 47.
Bd3 Ke6 48. Bf4 Kf7 49. Ke2 Ra4 50. Be3 Kf6 51. Bc2 Ra2 52. Kd1 Ra3 53. Kd2 Kf7
54. Bd3 Ra2+ 55. Kd1 Ra3 56. Kd2 Ra2+ 57. Bc2 Ra3 58. Bd1 Ra2+ 59. Ke1 Ra1 60.
Bd2 Ke6 61. Bc3 Ra2 62. Be2 Ra3 63. Kd2 g5 64. f4 g4 65. Bd3 Ra2+ 66. Bc2 Ra3
67. Bb1 Ra8 68. Bb2 Rb8 69. Kc3 Ra8 70. Bd3 Ra7 71. Kb3 Rb7+ 72. Kc2 Ra7 73.
Bc3 Ra2+ 74. Bb2 Ra7 75. Bc3 Ra2+ 76. Bb2 Ra7 1/2-1/2

[Event "2.BLO 1617 SC Garching - Nickelhütte A"]
[Site "?"]
[Date "2016.10.16"]
[Round "2.3"]
[White "Meijers, Viesturs"]
[Black "Bredl, Harald"]
[Result "1-0"]
[WhiteElo "2455"]
[BlackElo "2347"]
[PlyCount "81"]
[EventDate "2016.??.??"]

1. d4 d5 2. Nf3 Bf5 3. e3 e6 4. Bd3 Bg6 5. Qe2 Nd7 6. Nbd2 Ngf6 7. Bxg6 hxg6 8.
e4 c6 9. c3 Nxe4 10. Nxe4 dxe4 11. Qxe4 Bd6 12. Bg5 Qa5 13. g3 Nf6 14. Bxf6
gxf6 15. Nd2 Qd5 16. h4 O-O-O 17. Qxd5 cxd5 18. Ke2 b6 19. Rac1 Kb7 20. c4 dxc4
21. Rxc4 e5 22. Ne4 exd4 23. Rxd4 Be5 24. Rxd8 Rxd8 25. b3 f5 26. Ng5 Re8 27.
Kf3 f6 28. Nf7 Kc6 29. h5 gxh5 30. Rxh5 Bc3 31. Rxf5 b5 32. Nh6 Re1 33. Ng4 Ra1
34. Nxf6 Rxa2 35. g4 a5 36. g5 Ra1 37. Kg2 Re1 38. g6 Re7 39. Nd5 Rg7 40. Nxc3
Rxg6+ 41. Kf3 1-0

[Event "2.BLO 1617 SC Garching - Nickelhütte A"]
[Site "?"]
[Date "2016.10.16"]
[Round "2.4"]
[White "Seifert, Volker"]
[Black "Slobodjan, Roman"]
[Result "1/2-1/2"]
[WhiteElo "2359"]
[BlackElo "2464"]
[PlyCount "74"]
[EventDate "2016.??.??"]

1. d4 d5 2. c4 e6 3. Nc3 Be7 4. cxd5 exd5 5. Bf4 Nf6 6. e3 c6 7. Bd3 Nbd7 8. h3
Nf8 9. Nge2 Ne6 10. Bh2 O-O 11. O-O c5 12. dxc5 Nxc5 13. Bc2 Be6 14. Nd4 Bd6
15. Bxd6 Qxd6 16. Qf3 Qe5 17. Rfd1 Rac8 18. Rac1 Nce4 19. Nce2 g5 20. Bxe4 Nxe4
21. Ng3 Nxg3 22. Qxg3 Qxg3 23. fxg3 a6 24. Kf2 Kg7 25. Ke2 Kf6 26. g4 h6 27.
Kd3 Bd7 28. Rf1+ Ke7 29. Rxc8 Rxc8 30. Nf5+ Bxf5+ 31. Rxf5 Ke6 32. Rf1 f6 33.
b3 b6 34. Re1 Ke5 35. Rf1 Ke6 36. Re1 Ke5 37. Rf1 Ke6 1/2-1/2

[Event "2.BLO 1617 SC Garching - Nickelhütte A"]
[Site "?"]
[Date "2016.10.16"]
[Round "2.5"]
[White "Gaponenko, Inna"]
[Black "Koepke, Christian"]
[Result "1/2-1/2"]
[WhiteElo "2421"]
[BlackElo "2305"]
[PlyCount "70"]
[EventDate "2016.??.??"]

1. e4 c5 2. Nf3 g6 3. c3 Bg7 4. d4 cxd4 5. cxd4 d5 6. e5 Bg4 7. Bb5+ Nd7 8. O-O
e6 9. Nbd2 a6 10. Bxd7+ Qxd7 11. h3 Bxf3 12. Nxf3 Ne7 13. Bg5 O-O 14. Qd2 Kh8
15. Rac1 Rac8 16. Bxe7 Qxe7 17. Rxc8 Rxc8 18. Rc1 Qd7 19. Rxc8+ Qxc8 20. Qc3
Qxc3 21. bxc3 Kg8 22. Kf1 Kf8 23. Ke2 Ke8 24. Kd3 Bf8 25. g4 Be7 26. g5 Kd7 27.
c4 dxc4+ 28. Kxc4 Kc6 29. h4 Bf8 30. Nd2 h5 31. Ne4 Be7 32. Nc3 Ba3 33. Ne4 Be7
34. Nc3 Ba3 35. Ne4 Be7 1/2-1/2

[Event "2.BLO 1617 SC Garching - Nickelhütte A"]
[Site "?"]
[Date "2016.10.16"]
[Round "2.6"]
[White "Levushkina, Elena"]
[Black "Eichner, Sebastian"]
[Result "1/2-1/2"]
[WhiteElo "2340"]
[BlackElo "2364"]
[PlyCount "34"]
[EventDate "2016.??.??"]

1. e4 e6 2. d4 d5 3. Nd2 Nf6 4. e5 Nfd7 5. Bd3 c5 6. c3 Nc6 7. Ne2 cxd4 8. cxd4
f6 9. exf6 Nxf6 10. Nf3 Bd6 11. O-O Qc7 12. h3 O-O 13. Be3 Bd7 14. Re1 Rae8 15.
Rc1 a6 16. Nc3 Re7 17. Bg5 Qb8 1/2-1/2

[Event "2.BLO 1617 SC Garching - Nickelhütte A"]
[Site "?"]
[Date "2016.10.16"]
[Round "2.7"]
[White "Spiess, Gunter"]
[Black "Schmitz, Thorsten"]
[Result "1-0"]
[WhiteElo "2425"]
[BlackElo "2308"]
[PlyCount "83"]
[EventDate "2016.??.??"]

1. d4 Nf6 2. c4 g6 3. Nc3 Bg7 4. e4 d6 5. Nf3 O-O 6. Be2 e5 7. d5 a5 8. Bg5 h6
9. Bh4 g5 10. Bg3 Nh5 11. Nd2 Nf4 12. Bf1 Na6 13. f3 c6 14. Bf2 Bd7 15. g3 Ng6
16. Be2 Nc5 17. Nb3 b6 18. Nxc5 dxc5 19. Qc2 Qf6 20. Be3 Rfd8 21. O-O-O Bf8 22.
Rd2 Ne7 23. h4 Qg6 24. hxg5 hxg5 25. f4 cxd5 26. cxd5 exf4 27. gxf4 gxf4 28.
Bxf4 Bg7 29. Kb1 Kf8 30. Bh5 Qf6 31. Rf2 Be8 32. Bc7 Qh6 33. Bf4 Qh7 34. Rff1
Bxc3 35. bxc3 Bb5 36. Bxf7 Qxh1 37. Rxh1 Kxf7 38. Rh7+ Ke8 39. c4 Ba6 40. Bg5
Ra7 41. Qf2 Nxd5 42. Rh8+ 1-0

[Event "2.BLO 1617 SC Garching - Nickelhütte A"]
[Site "?"]
[Date "2016.10.16"]
[Round "2.8"]
[White "Dehlinger, Alexander"]
[Black "Londyn, Radek"]
[Result "1/2-1/2"]
[WhiteElo "2275"]
[BlackElo "2422"]
[PlyCount "145"]
[EventDate "2016.??.??"]

1. Nf3 e6 2. c4 f5 3. g3 Nf6 4. Bg2 d5 5. O-O Bd6 6. Nc3 O-O 7. d3 dxc4 8. dxc4
Nc6 9. e4 e5 10. exf5 Bxf5 11. Qb3 Qc8 12. Be3 a6 13. Ng5 Kh8 14. c5 Be7 15.
Bxc6 bxc6 16. Nf7+ Rxf7 17. Qxf7 Bf8 18. Qc4 Bh3 19. Ne4 Bxf1 20. Rxf1 Nd5 21.
Nc3 Nf6 22. Ne4 Qg4 23. f3 Qd7 24. Qe2 Qd5 25. Nc3 Qe6 26. Rd1 Be7 27. Bf2 Kg8
28. Re1 Nd7 29. b3 a5 30. Qe4 Re8 31. Kg2 Bxc5 32. Bxc5 Nxc5 33. Qe3 Qe7 34.
Re2 h6 35. Rc2 Rf8 36. Re2 Qf7 37. Rf2 Nd7 38. Ne4 Nb6 39. Nc3 Qe7 40. Re2 Re8
41. Qe4 Qe6 42. Rd2 Kf7 43. Rc2 Re7 44. Rd2 Nd5 45. Nxd5 Rd7 46. Re2 cxd5 47.
Qxe5 Qxe5 48. Rxe5 a4 49. bxa4 c6 50. f4 Ra7 51. f5 Rxa4 52. Re6 Rxa2+ 53. Kf3
Rc2 54. g4 Rc3+ 55. Kf2 c5 56. h4 Rh3 57. Rc6 c4 58. Rc5 c3 59. Kg2 Rd3 60. g5
hxg5 61. hxg5 Rd2+ 62. Kf3 d4 63. Rc7+ Kf8 64. Rc8+ Ke7 65. f6+ gxf6 66. g6 c2
67. g7 c1=Q 68. Rxc1 Kf7 69. Rg1 Kg8 70. Ke4 Re2+ 71. Kxd4 Re7 72. Rg6 Rxg7 73.
Rxf6 1/2-1/2

[Event "2.BLO 1617 Bad Mergentheim - SK Gögging"]
[Site "?"]
[Date "2016.10.16"]
[Round "2.1"]
[White "Rozentalis, Eduardas"]
[Black "Ikonnikov, Vyacheslav"]
[Result "1/2-1/2"]
[WhiteElo "2567"]
[BlackElo "2542"]
[PlyCount "53"]
[EventDate "2016.??.??"]

1. e4 c5 2. Nf3 Nc6 3. Bb5 g6 4. O-O Bg7 5. c3 Nf6 6. Re1 O-O 7. d4 d5 8. e5
Ne4 9. Bxc6 bxc6 10. Nbd2 Bf5 11. Nh4 Be6 12. Nb3 cxd4 13. f3 g5 14. fxe4 gxh4
15. Nxd4 dxe4 16. Nxe6 Qxd1 17. Rxd1 fxe6 18. Re1 Rad8 19. Bg5 Rf5 20. Bxe7 Rd2
21. Rxe4 Rxe5 22. Rxe5 Bxe5 23. Re1 Bd6 24. b4 Rxa2 25. Rxe6 Kf7 26. Rxd6 Kxe7
27. Rxc6 1/2-1/2

[Event "2.BLO 1617 Bad Mergentheim - SK Gögging"]
[Site "?"]
[Date "2016.10.16"]
[Round "2.2"]
[White "Karpatchev, Aleksandr"]
[Black "Kulaots, Kaido"]
[Result "1-0"]
[WhiteElo "2463"]
[BlackElo "2564"]
[PlyCount "77"]
[EventDate "2016.??.??"]

1. e4 c5 2. c3 Nf6 3. e5 Nd5 4. Nf3 e6 5. d4 cxd4 6. cxd4 d6 7. Bc4 Nc6 8. O-O
Be7 9. exd6 Qxd6 10. Nc3 O-O 11. Ne4 Qd8 12. a3 b6 13. Qd3 Bb7 14. Re1 Nf6 15.
Neg5 Na5 16. Rxe6 g6 17. Ba2 Bd5 18. Bxd5 Nxd5 19. Re1 Rc8 20. Ne4 Re8 21. Bh6
Nc4 22. Qb3 a6 23. Re2 f6 24. Rae1 Bf8 25. Bxf8 Kxf8 26. g3 b5 27. a4 Qa5 28.
Nc5 Nc7 29. Rxe8+ Rxe8 30. Rxe8+ Kxe8 31. Qd3 Ke7 32. Qe4+ Kf7 33. Qc6 Qb6 34.
Qd7+ Kg8 35. Qd8+ Kf7 36. Qh8 Ke7 37. Qxh7+ Kf8 38. Nh4 f5 39. f3 1-0

[Event "2.BLO 1617 Bad Mergentheim - SK Gögging"]
[Site "?"]
[Date "2016.10.16"]
[Round "2.3"]
[White "Arnaudov, G. Petar"]
[Black "Gasthofer, Alexander"]
[Result "1-0"]
[WhiteElo "2474"]
[BlackElo "2437"]
[PlyCount "75"]
[EventDate "2016.??.??"]

1. Nf3 d5 2. c4 c6 3. d4 Nf6 4. Nc3 g6 5. cxd5 cxd5 6. Bf4 Bg7 7. h3 Qb6 8. Na4
Qa5+ 9. Bd2 Qd8 10. Rc1 O-O 11. e3 Ne4 12. Be2 Qd6 13. O-O b6 14. Nc3 Nxd2 15.
Nxd2 Nc6 16. Nxd5 Qxd5 17. Bf3 Qxa2 18. Bxc6 Rb8 19. b4 a6 20. Nc4 Be6 21. d5
Bf5 22. g4 b5 23. Na5 Bc8 24. Rc2 Qa3 25. Qd2 f5 26. Rfc1 fxg4 27. hxg4 Bxg4
28. Ra2 Bc3 29. Rxc3 Qxb4 30. Rc1 Qd6 31. f4 g5 32. Qg2 h5 33. Nb7 Rxb7 34.
Bxb7 Qb6 35. Qe4 Rf5 36. Qxe7 Rf7 37. Qe8+ Rf8 38. Rxa6 1-0

[Event "2.BLO 1617 Bad Mergentheim - SK Gögging"]
[Site "?"]
[Date "2016.10.16"]
[Round "2.4"]
[White "Ivanov, Mikail"]
[Black "Nestorovic, Nikola"]
[Result "1/2-1/2"]
[WhiteElo "2405"]
[BlackElo "2507"]
[PlyCount "37"]
[EventDate "2016.??.??"]

1. d4 Nf6 2. Nf3 e6 3. c4 Bb4+ 4. Nbd2 O-O 5. a3 Be7 6. e3 b6 7. Bd3 Bb7 8. O-O
c5 9. b3 cxd4 10. exd4 d5 11. Qe2 Nc6 12. Bb2 Rc8 13. Rac1 a5 14. Rfd1 Bd6 15.
c5 Bf4 16. g3 Bh6 17. Bb5 Ne4 18. Rc2 Qe7 19. Nxe4 {(=)} 1/2-1/2